Výkon nie je čierno-biely farby ovplyvňujú vás aj vášho zákazníka

Výkon a výkonnosť zamestnancov v značnej miere limitujú farby a farebná úprava pracovného prostredia. Farebná úprava pracoviska má viacero psychologických a ekonomických aspektov. Farebná úprava tovaru, ako i predajného priestoru má dosť významný vplyv na správanie a konanie zákazníka.

Gespeichert in:
Bibliographische Detailangaben
1. Verfasser: Szarková, Miroslava, 1951-
Format: Buchkapitel
Sprache:Slowakisch
Schlagworte:
Tags: Tag hinzufügen
Keine Tags, Fügen Sie das erste Tag hinzu!

MARC

LEADER 00000naa a2200000 4500
001 r041741
005 20240502071336.6
041 0 |a slo 
044 |a SK 
245 1 0 |a Výkon nie je čierno-biely  |b farby ovplyvňujú vás aj vášho zákazníka  |c Miroslava Szarková 
520 |a Výkon a výkonnosť zamestnancov v značnej miere limitujú farby a farebná úprava pracovného prostredia. Farebná úprava pracoviska má viacero psychologických a ekonomických aspektov. Farebná úprava tovaru, ako i predajného priestoru má dosť významný vplyv na správanie a konanie zákazníka. 
610 2 0 |a psychológia práce 
610 2 0 |a psychológia predaja 
610 2 0 |a prostredie pracovné 
610 2 0 |a farby 
610 2 0 |a zákazníci 
100 1 |a Szarková, Miroslava, 1951-